|
|
|
|
| LEADER |
00757nam a22001817a 4500 |
| 082 |
|
|
|b PAD/P
|
| 100 |
|
|
|a കെ എം പത്മജ
|9 99155
|
| 100 |
|
|
|a K M Padmaja
|9 99156
|
| 240 |
|
|
|a Pre Degree Prayogika Bhouthikam
|
| 245 |
|
|
|a പ്രീ ഡിഗ്രി പ്രയോഗിക ഭൗതികം
|
| 250 |
|
|
|a 1st
|
| 260 |
|
|
|a Trivandrum;
|b State Institute of Languages;
|c 1974
|
| 300 |
|
|
|a 145p.
|
| 650 |
|
|
|a മലയാളം; ഭൗതിക ശാസ്ത്രം; സയന്സ്
|9 99157
|
| 650 |
|
|
|a Malayalam; Physics; Science
|9 99158
|
| 942 |
|
|
|c BK
|
| 999 |
|
|
|c 52636
|d 52636
|
| 952 |
|
|
|0 0
|1 0
|4 0
|6 530_000000000000000_PAD_P_L4
|7 0
|8 Physics
|9 62545
|a MAL
|b MAL
|d 2016-05-11
|e 17704
|g 4.50
|l 0
|o 530 PAD/P L4
|p MAL017704
|r 2016-05-11
|t 1
|w 2016-05-11
|y BK
|